Christian Huygens and the development of science in the seventeenth century

Kaydedildi:
Detaylı Bibliyografya
Yazar: Bell, A. E (Yazar)
Materyal Türü: Kitap
Dil:İngilizce
Baskı/Yayın Bilgisi: Londres Edward Arnold 1947
Konular:
Etiketler: Etiketle
Etiket eklenmemiş, İlk siz ekleyin!

MARC

LEADER 00000nam a2200000 a 4500
001 UCO4466
003 CL-VaPUC
008 000804e19470000UK |||||||||||||||||eng|d
082 0 4 |a 925  |b BEL  |2 21 
100 0 |a Bell, A. E  |e author  |9 449012 
245 1 0 |a Christian Huygens and the development of science in the seventeenth century 
300 |a 220 p 
942 |c BK 
945 |d 20000804 00:00:00  |a vberengu 
260 |a Londres  |b Edward Arnold  |c 1947 
600 0 7 |a HUYGENS, CHRISTIAN  |2 CL-VaPUC  |9 358158 
650 0 |a Estática  |9 260452 
650 0 |a Física   |9 227844 
650 7 |a GRAVEDAD  |2 CL-VaPUC  |9 353396 
650 0 |a Historia de las ciencias   |9 264975 
583 |a last modification  |c 20000804 00:00:00  |k Rodrigo Vera 
999 |c 290507  |d 290505 
952 |0 0  |1 0  |4 0  |6 925_000000000000000_BEL_1947  |7 0  |8 A  |9 339996  |a BIBCUR  |b BIBCUR  |d 2019-11-20  |i 3624080  |o 925 BEL 1947  |p 3624080  |r 2025-04-22  |w 2019-11-20  |y BK  |k FIS